000 00456nam a2200193Ia 4500
005 20250603145539.0
008 250603s9999 xx 000 0 und d
020 _a8174092915
050 _aTK 2551 .R36/
100 _aRao, Sunil S.
245 0 _aPower transformers and special transformers
250 _a4th ed.
260 _aNew Delhi
260 _bKhanna Publishers
260 _c2016
300 _a684 p
650 _aNew Delhi
942 _cBK
999 _c42174
_d42174